00468 2200193 4500001002100000005001500021008004100036020002200077035001900099041000700118082001000125090001600135100001500151245001900166260002600185300002800211500001100239650002400250INLIS00000000000234620241224112524241224||||||||| | ||| |||| || |  a978-979-1462-11-2 0010-1224002346 aid0 a612.6 a612.6 TIM m0 aAgus Salim00aMengenal Tubuh aBandungbJembarc2008 a64 hlm. : ilus. ; 26 cm aCet. 1 0aOrgan Tubuh Manusia